000 00592nam a2200229Ia 4500
005 20250326144055.0
008 250326s9999 xx 000 0 und d
020 _a978-0-7506-6200-0
037 _aTextbook
040 _aFMSL
_beng
_cFMSL
041 _aeng
_2eng
084 _aX:51 P4
_qFMSL
100 _aDibb S
_9748988
245 0 _aMarketing briefs
_cDibb S; Simkin L
250 _a2
260 _aNew Delhi
_bNew Delhi, Butterworth-Heinemann
_c2004
300 _a362p
365 _b395
650 _aMarketing
942 _cTB
_hX:51 P4
999 _c1302250
_d1302250